LEADER 01038cam0 22002891 450 001 SOBE00035891 005 20130731114518.0 100 $a20130731d1976 |||||ita|0103 ba 101 $aita$agrc 102 $aIT 200 1 $aMetrica greca$fPaul Maas$gtraduzione e aggiornamenti di Alfredo Ghiselli 210 $aFirenze$cF. Le Monnier$d1976 215 $aIX, 178 p.$d18 cm 225 2 $aBibliotechina del Saggiatore$v39 410 1$1001LAEC00019406$12001 $a*Bibliotechina del Saggiatore$v39 500 10$aGriechische Metrik$3SOBA00008149$91383749 700 1$aMaas$b, Paul$3AF00014816$4070$0163955 702 1$aGhiselli, Alfredo$3SOBA00008056$4070 801 0$aIT$bUNISOB$c20130731$gRICA 850 $aUNISOB 852 $aUNISOB$jFondo|Cosenza$m161222 912 $aSOBE00035891 940 $aM 102 Monografia moderna SBN 941 $aM 957 $aFondo|Cosenza$b000344$gSI$d161222$hCosenza$rdono$tN$1menle$2UNISOB$3UNISOB$420130731114535.0$520130731114604.0$6menle 996 $aGriechische metrik$91383749 997 $aUNISOB LEADER 02005nam 2200457Ia 450 001 996386841303316 005 20200824132253.0 035 $a(CKB)4940000000083125 035 $a(EEBO)2240871177 035 $a(OCoLC)ocm18462480e 035 $a(OCoLC)18462480 035 $a(EXLCZ)994940000000083125 100 $a19880909d1657 uy | 101 0 $aeng 135 $aurbn||||a|bb| 200 10$aCheape and good husbandry$b[electronic resource] $efor the well-ordering of all beasts and fowles, and for the general cure of their diseases : containing the natures, breeding, choice, use, feeding, and curing of the diseases, of all manner of cattell, as horse, oxe, cow, sheepe, goats, swine, and tame conies : shewing further the whole art of riding great horses ... : also, approved rules for the cramming and fatting of all sorts of poultry ... : together with the use and profit of bees, the manner of fish-ponds ... : gathered together for the generall good and profit of the common-wealth .. 205 $aThe ninth edition. 210 $aLondon $cPrinted by W. Wilson, for E. Brewster, and George-Sawbridge ...$d1657 215 $a[10], 146, [10] p. $cill 300 $aAttributed to Markham by Wing and NUC pre-1956 imprints. 300 $aDedication signed: G.M. 300 $aNumerous errors in paging. 300 $aImperfect: slightly faded, with print show-through. 300 $aReproduction of original in the Harvard University Library. 330 $aeebo-0062 606 $aDomestic animals$xDiseases$vEarly works to 1800 606 $aHorsemanship 606 $aBee culture 606 $aFish-culture 615 0$aDomestic animals$xDiseases 615 0$aHorsemanship. 615 0$aBee culture. 615 0$aFish-culture. 700 $aMarkham$b Gervase$f1568?-1637.$0877321 801 0$bEAJ 801 1$bEAJ 801 2$bWaOLN 906 $aBOOK 912 $a996386841303316 996 $aCheape and good husbandry$92328274 997 $aUNISA